Los nuevos desafíos de la educación panameña /
Planteamiento de los retos que enfrenta la educación en Panamá en el último lustro del siglo XX, entendida simultáneamente como objeto y a la vez medio de cambio, como un primer instrumento de progreso y de crecimiento del país: se reconoce que la educación por sí sola no puede garantizar un porveni...
Guardado en:
| Hovedforfatter: | |
|---|---|
| Andre forfattere: | , |
| Format: | Bog |
| Sprog: | spansk |
| Fag: | |
| Tags: |
Ingen Tags, Vær først til at tagge denne postø!
|
MARC
| LEADER | 00000nam^a2200000^a^4500 | ||
|---|---|---|---|
| 001 | 000383297 | ||
| 005 | 20250521000000.0 | ||
| 009 | 20260310120820.359 | ||
| 037 | |a Acervo ITESO - Biblioteca | ||
| 041 | |a ESP | ||
| 082 | |a 370. 97287058 |b PIC | ||
| 100 | |a Picón Espinoza, César |e (edición) | ||
| 245 | 1 | 4 | |a Los nuevos desafíos de la educación panameña / |c Ed. de C. Picón, I. Gólcher ; presen. de E. Pérez Balladares. |
| 264 | |a Panamá, Panamá : |b UNESCO, |c 1996 | ||
| 300 | |a 258 p. | ||
| 336 | |a texto |b txt |2 rdacontenido | ||
| 337 | |a sin mediación |b n |2 rdamedio | ||
| 338 | |a volumen |b nc |2 rdasoporte | ||
| 520 | |a Planteamiento de los retos que enfrenta la educación en Panamá en el último lustro del siglo XX, entendida simultáneamente como objeto y a la vez medio de cambio, como un primer instrumento de progreso y de crecimiento del país: se reconoce que la educación por sí sola no puede garantizar un porvenir próspero, pero es un factor estratégico que contribuye a preservar y desarrollar la calidad de vida de los panameños. | ||
| 649 | |a XX | ||
| 650 | |a Universidades - |z Panamá | ||
| 650 | |a Cambios Sociales y Culturales - |z Panamá | ||
| 650 | |a Investigación Educativa - |z Panamá | ||
| 650 | |a Innovación Educativa - |z Panamá | ||
| 650 | |a Filosofía de la Educación - |z Panamá | ||
| 650 | |a Educación y Trabajo - |z Panamá | ||
| 650 | |a Educación y Desarrollo - |z Panamá - |x Tema Principal | ||
| 650 | |a Educación | ||
| 650 | |a Panamá - |x Historia - |y 1994-1999 | ||
| 650 | |a Panamá - |x Condiciones Sociales y Culturales | ||
| 700 | |a Gólcher, Ileana |e (edición) | ||
| 700 | |a Pérez Balladares, Ernesto |e (presentación) | ||
| 910 | |a Fondo Carlos Núñez Hurtado | ||
| 920 | |a Impresos - Libros | ||
| 930 | |a Fondos Especiales | ||
| 905 | |a 117 | ||
| 901 | |a 0500278087 |b IT2 |c ESP |i D80499 |u 20250521 | ||
| 902 | |a https://opac.biblio.iteso.mx/vufind/Record/000383297 | ||